Normal view MARC view

Entry Personal Name

Number of records used in: 1

001 - CONTROL NUMBER

  • control field: 7370

003 - CONTROL NUMBER IDENTIFIER

  • control field: OSt

005 - DATE AND TIME OF LATEST TRANSACTION

  • control field: 20160316174641.0

008 - FIXED-LENGTH DATA ELEMENTS

  • fixed length control field: 160316|| aca||aabn | a|a d

040 ## - CATALOGING SOURCE

  • Original cataloging agency: OSt
  • Transcribing agency: OSt

100 ## - HEADING--PERSONAL NAME

  • Personal name: Vanloon, Gary W.; Duffy, Stephen J.

670 ## - SOURCE DATA FOUND

  • Source citation: Work cat.: (OSt): Vanloon, Gary W.; Duffy, Stephen J., Environmental Chemistry: a global perspective